The speech personality. The integration of the speaker: the grosser speech skils. Textbook and guidancemanual of individual and class projects / Elwood Murray
Guardado en:
| Hovedforfatter: | |
|---|---|
| Format: | Bog |
| Sprog: | Undetermined |
| Udgivet: |
Chicago, Estados Unidos
J.B. Lippincott Co.
1944
|
| Fag: | |
| Tags: |
Tilføj Tag
Ingen Tags, Vær først til at tagge denne postø!
|
MARC
| LEADER | 00000nam a2200000Ia 4500 | ||
|---|---|---|---|
| 008 | 170316s9999 xx 000 0 und d | ||
| 040 | |a cru BVZT | ||
| 090 | |a 410 M-24.1s | ||
| 100 | |a Murray, Elwood | ||
| 245 | 4 | |a The speech personality. The integration of the speaker: the grosser speech skils. Textbook and guidancemanual of individual and class projects / Elwood Murray | |
| 260 | |a Chicago, Estados Unidos | ||
| 260 | |b J.B. Lippincott Co. | ||
| 260 | |c 1944 | ||
| 300 | |a 565 páginas | ||
| 650 | |a LINGÜÍSTICA | ||
| 650 | |a MANUAL | ||
| 650 | |a HABLA | ||
| 999 | |c 15089 |d 15089 | ||
| 942 | |c 15 D |h 410 M-24.1s |2 z | ||
